| 000 | 00783cam a2200193 a 4500 | ||
|---|---|---|---|
| 020 | _a1557503419 (acidfree paper) | ||
| 082 | 0 | 0 |
_a355.0094 _bCAL |
| 100 | 1 |
_aCallwell, C. E. _949281 |
|
| 245 | 1 | 0 |
_aMilitary operations and maritime preponderance : _btheir relations and interdependence / _cC.E. Callwell ; with an introduction and notes by Colin S. Gray. |
| 260 |
_aAnnapolis, Md. : _bNaval Institute Press, _cc1996. |
||
| 300 |
_axcv, 525 p. : _bmaps ; _c22 cm. |
||
| 500 | _a"Originally published in 1905 by William Blackwood and Sons, Edinburgh and London"--T.p. verso. | ||
| 526 |
_a0 _b0 _c0 _d355_009400000000000_CAL |
||
| 650 | 0 |
_aMilitary history, Modern. _936714 |
|
| 650 | 0 |
_aSea-power. _949341 |
|
| 650 | 0 | _aStrategy. | |
| 700 | 1 |
_aGray, Colin S. _949342 |
|
| 942 |
_2ddc _cBK |
||
| 999 |
_c552123 _d552123 |
||